000 00661nam a22001695i 4500
001 165884
003 ES-MaACL
005 20230906213225.0
008 021218s1878 sp |||| | spa d
040 _aCCPB | B
_bspa
_cCCPB | B
100 1 _aSuénder, Enrique (
_d1829-1897)
_9108728
245 1 0 _aDel jaborandi y de su uso en la intoxicacion urinaria /
_cpor el Dr. E. Suender.
260 _aMadrid :
_b[s.n.],
_c1878 (
_fImp de Alejandro Gomez Fuentenebro)
300 _a14 p. ;
_c23 cm.
650 4 _aAparato génito urinario-
_xEnfermedades.
_9135583
852 _aES-MaACL
_jT-243-F-6
_z-- Enc. hol., falto de la enc. original
_z-- Enc. en un vol. facticio
999 _c165884
_d165884